000 00332nam a2200133Ia 4500
005 20251222151328.0
008 251222s9999||||xx |||||||||||||| ||spa||
082 _a305.42/A78
100 _aArtázcoz Colomo, Ana
245 0 _aLa Mujer, Impulsora del Desarrollo Humano:
250 _a1ra.ed
264 _bGam Tepeyac
942 _cLIB
999 _c23987
_d23987